00456 a2200169 4500020001500000020001800015082000800033100002400041245007900065250001200144260003700156300002100193490001700214700002100231700001800252830001600270 a0201657023 a978020165702904a5311 aGoldstein, Herbert.10aClassical mechanics /cHerbert Goldstein, Charles P. Poole, John L. Safko. a3rd ed. a[S.l.] :bAddison Wesley,c2002. a680 p. ;c24 cm.1 a3rd edition. aPoole, Charles P aSafko, John L a3rd edition